000 00800cab a22002175a 4500
001 L158724
008 150701e20150620xxk 000 0 eng d
035 _a(Sirsi) u158724
041 0 _aeng
100 1 _aNorris, D.
245 0 0 _aProfiting from overage and clawback
260 _c2015
490 _aEstates Gazette
_v(1524) 20 June 2015, 116-117(2)
520 _aFocus on maximising land value for sellers through overage and clawback provisions. Includes information about the terminology used and any possible differences between the terms. Also discusses the share of profit, buyers' ongoing obligations and seller protection.
590 _aKA
651 4 _aUnited Kingdom
690 _aProperty management
_96262
690 _aSales
_96269
700 1 _aPanambalana, Dion
942 _n0
999 _c84667
_d84667